| 000 | | | 03744nac2a22002651x 450 |
| 001 | | | 2d8ae0ce-c8b7-4a05-a437-80d8b1878f29 |
| 005 | | | 20131127222946.0 |
| 100 | ## | $a | 20130529l19181918k y0rusy50 ca |
| 101 | 0# | $a | rus |
| 102 | ## | $a | RU |
| 105 | ## | $a | y z ||||| |
| 122 | 2# | $a | d19180608 |
| | $a | d19180727 |
| 200 | 1# | $a | Приказы Комитета членов Учредительного Собрания с № 1-134 |
| | $h | № 1-134 |
| | $j | 8 июня - 27 июля 1918 |
| 215 | ## | $a | 43 листа |
| 251 | ## | $c | Дело |
| 300 | ## | $a | Заголовок дела на папке: Приказы Комитета членов Учредительного Собрания с № 1-96 |
| 300 | ## | $a | Часть текста напечатана на машинке, часть типографским способом |
| 330 | ## | $a | 1918 г. |
| 461 | #0 | $1 | 0016acea900-bbdd-4462-aec8-f9864691bfac |
| | $1 | 2001 |
| | $a | Комитет членов всероссийского учредительного собрания (комуч). Самара |
| | $1 | 251 |
| | $c | Фонд |
| | $1 | 852 |
| | $j | 749 |
| | $g | Р |
| 462 | #0 | $1 | 001c17ba735-eddd-428f-bbec-0d9715696f5d |
| | $1 | 2001 |
| | $a | Опись дел Комитета членов Всероссийского Учредительного собрания. 1918 г. |
| | $1 | 251 |
| | $c | Опись |
| | $1 | 852 |
| | $j | 1 |
| 517 | ## | $a | Приказы Комитета членов Учредительного Собрания с № 1-96 |
| 601 | 02 | $3 | RU\NLR\AUTH\66826314 |
| | $a | Комитет членов Всероссийского учредительного собрания |
| 801 | #0 | $a | RU |
| | $b | GA_RF |
| 801 | #1 | $a | RU |
| | $b | НПО Опыт |
| | $c | 20130529 |
| | $2 | rusmarc |
| 801 | #2 | $a | RU |
| | $b | ПБ им. Б.Н. Ельцина |
| | $c | 20131127 |
| | $g | RCR |
| | $2 | rusmarc |
| 852 | ## | $a | ГА РФ |
| | $j | 1 |
| 937 | ## | $d | 42123209 |
| | $h | ПБ |
| 035 | ## | $a | RuPRLIB51000475 |